| 000 | 00650nam a2200193Ia 4500 | ||
|---|---|---|---|
| 003 | GCL | ||
| 008 | 140319s9999 xx 000 0 ara d | ||
| 040 |
_aGCL / _cGCL |
||
| 082 | 0 | 4 |
_a361 _bس ت |
| 100 | 1 | _aاحمد مصطفى خاطر | |
| 245 | 1 | 0 |
_aالتنمية الاجتماعية : الاطر النظرية ونموذج المشاركة / _cاحمد مصطفى خاطر |
| 700 | 1 | _aسميرة كامل محمد على | |
| 300 | _a235 ص | ||
| 490 |
_a100 قصة _v0 |
||
| 650 | 0 | 4 | _aالتنمية الاجتماعية |
| 650 | 0 | 4 | _aالخدمة الاجتماعية |
| 650 | 0 | 4 | _aالرعاية الاجتماعية |
| 942 |
_2ddc _cBK |
||
| 999 |
_c44284 _d44284 |
||